| 000 -LEADER |
| fixed length control field |
00728cam a2200253 i 4500 |
| 005 - DATE AND TIME OF LATEST TRANSACTION |
| control field |
20131029055636.0 |
| 008 - FIXED-LENGTH DATA ELEMENTS--GENERAL INFORMATION |
| fixed length control field |
820319s1965 nyu 001 0 eng d |
| 020 ## - INTERNATIONAL STANDARD BOOK NUMBER |
| International Standard Book Number |
0442000081 |
| 041 0# - LANGUAGE CODE |
| Language code of text/sound track or separate title |
eng |
| 080 ## - UNIVERSAL DECIMAL CLASSIFICATION NUMBER |
| Universal Decimal Classification number |
327.39 |
| 100 1# - Rafti |
| Rafti |
Kohn, Hans, |
| 100 1# - Rafti |
| -- |
1891-1971. |
| 245 10 - TITLE STATEMENT |
| Title |
Nationalism, its meaning and history / |
| Statement of responsibility, etc |
Hans Kohn. |
| 250 ## - |
| -- |
Rev. ed. |
| 260 ## - |
| -- |
New York : |
| -- |
Van Nostrand |
| -- |
c1965 |
| -- |
(1981 printing) |
| 300 ## - |
| -- |
191 p. ; |
| -- |
19 cm. |
| 490 1# - |
| -- |
An Anvil original |
| 490 1# - |
| -- |
Ideas, ideals, and ideologies ; |
| -- |
8 |
| 500 ## - |
| -- |
Preface : f. 4 |
| 504 ## - BIBLIOGRAPHY, ETC. NOTE |
| Bibliography, etc |
Bibliography: p. 185-187. |
| 650 #0 - |
| -- |
Nacionalizmi |
| 830 #0 - |
| -- |
Anvil original. |
| 830 #0 - |
| -- |
Ideas, ideals, and ideologies ; |
| -- |
8. |
| 942 ## - ADDED ENTRY ELEMENTS (KOHA) |
| Source of classification or shelving scheme |
|
| Item type |
Books |